Nelineárne pôsobenie spriahnutých betónových nosníkov : Dizertačná práca
Saved in:
| Main Author: | |
|---|---|
| Other Authors: | |
| Format: | Manuscript Book |
| Language: | Slovak |
| Published: |
Bratislava :
STU v Bratislave SvF,
2010
|
| Subjects: | |
| Online Access: | VAIS |
| Tags: |
No Tags, Be the first to tag this record!
|
MARC
| LEADER | 00000ntm a22000003a 4500 | ||
|---|---|---|---|
| 001 | stu231958 | ||
| 005 | 20150617230135.8 | ||
| 008 | 110721s--------xo------------------slo-d | ||
| 040 | |a STU |b slo | ||
| 041 | 0 | |a slo | |
| 044 | |a xo | ||
| 100 | 1 | |a Kóňa, Daniel, |d 1982- |4 aut |u V110 |U SvF Stavebná fakulta |T SvF Katedra betónových konštrukcií a mostov |X 10083 |U V110 |Y 11 |7 A000010083 | |
| 242 | 0 | 0 | |a Non-linear behaviour of composite concrete beams |y eng |
| 245 | 1 | |a Nelineárne pôsobenie spriahnutých betónových nosníkov : |b Dizertačná práca | |
| 260 | |a Bratislava : |b STU v Bratislave SvF, |c 2010 | ||
| 300 | |a 153 s | ||
| 650 | 7 | |a non-linear analysis |2 estusub | |
| 650 | 7 | |a plastic analysis |2 estusub | |
| 650 | 7 | |a redistribution of bending moments |2 estusub | |
| 650 | 7 | |a prestressing |2 estusub | |
| 650 | 7 | |a nelineárna analýza |2 stusub | |
| 650 | 7 | |a plastická analýza |2 stusub | |
| 650 | 7 | |a redistribúcia |2 stusub | |
| 650 | 7 | |a ohybová tuhosť |2 stusub | |
| 650 | 7 | |a predpätie |2 stusub | |
| 700 | 1 | |a Halvoník, Jaroslav, |d 1964- |4 ths |u V110 |U SvF Stavebná fakulta |T SvF Katedra betónových konštrukcií a mostov |X 2749 |U V110 |Y 11 |7 A000002749 | |
| 856 | 4 | |a info a plný text |u http://is.stuba.sk/zp/portal_zp.pl?podrobnosti=76066 |3 VAIS | |
| 996 | |b 284V036656 |c V*3048/DP-1028 |l VVS |s P |a 0 |w stu231958_0001 | ||